Statistiques concernant Nommez un Premier Ministre français valide

Cliquez ici pour prendre le quiz!

Statistiques générales

  • Ce quiz a été pris 3 727 fois
  • Le résultat moyen est 13 sur 20

Statistiques - réponses

Nommez un premier ministre...Réponses possibles% Correct
devenu président de la RépubliqueGeorges Pompidou | Jacques Chirac
91%
d'une période de cohabitationJacques Chirac | Edouard Balladur | Lionel Jospin
87%
qui est en réalité une première ministreEdith Cresson | Elisabeth Borne
85%
candidat malheureux à une élection présidentielleMichel Debré | Jacques Chaban-Delmas | Jacques Chirac | Raymond Barre | Michel Rocard | Lionel Jospin | Edouard Balladur | François Fillon
85%
de Jacques ChiracAlain Juppé | Lionel Jospin | Jean-Pierre Raffarin | Dominique de Villepin
84%
de François HollandeJean-Marc Ayrault | Manuel Valls | Bernard Cazeneuve
80%
de Charles de GaulleMichel Debré | Georges Pompidou | Maurice Couve de Murville
80%
qui était le premier de son présidentMichel Debré | Jacques Chaban Delmas | Jacques Chirac | Pierre Mauroy | Alain Juppé |
François Fillon | Jean-Marc Ayrault | Edouard Philippe
80%
des années 80Raymond Barre | Pierre Mauroy | Laurent Fabius | Jacques Chirac | Michel Rocard
80%
passé à Matignon à deux reprisesJacques Chirac
73%
agé de moins de 40 ans lors de sa prise de fonctionGabriel Attal | Laurent Fabius
65%
condamné par la justiceJacques Chirac | François Fillon | Edith Cresson | Alain Juppé
65%
resté moins d'un an en fonction (PM actuel exclu)Pierre Bérégovoy | Maurice Couve de Murville
| Edith Cresson | Bernard Cazeneuve
65%
ayant fait l'intégralité du mandat de son présidentFrançois FIllon
63%
ayant été Ministre des Affaires EtrangèresMichel Debré | Maurice Couve de Murville | Alain Juppé | Dominique de Villepin | Jean-Marc Ayrault | Laurent Fabius
59%
ne s'étant jamais présenté à une élection auparavantDominique de Villepin | Raymond Barre
| Georges Pompidou | Elisabeth Borne
55%
qui n'est pas né en France MétropolitaineRaymond Barre | Edouard Balladur | Dominique de Villepin | Manuel Valls
51%
faisant partie des 3 plus anciens encore en vie (par rapport au mandat)Laurent Fabius | Edith Cresson | Edouard Balladur
50%
en poste lors d'un intérim de la présidenceMaurice Couve de Murville | Pierre Messmer
27%
portant le même prénom que 2 autres premiers ministres.Pierre Bérégovoy | Pierre Messmer | Pierre Mauroy
23%

Distribution des résultats

Percentile par nombre de réponses

% des personnes avec chaque résultat

Votre développement - résultats

Vous n’avez pas pris ce quiz